00371nam a2200133Ia 4500008004100000020001800041041001200059100001100071245007000082260004100152300000800193650001500201700002100216221030s9999 xx 000 0 und d a9788180547294 aEnglish aR. Pal 0aEssentials of Business Communicationcby R. Pal, J. S. Korlahalli bSultan chand & SonsaNew Delhic2021 a666 aManagement aJ. S. Korlahalli